000 00716nam a2200229 a 4500
001 BRCA_8158
005 20190320210146.0
008 020514t1947----mx-a###f##---#001-0#spa-#
041 _aspa
044 _amx
050 4 _aN910
_b.R66
_c1947
245 1 0 _aCatálogo Casa Ordaz
_cCompilación de Antonio Romero Caballero.
260 _aMéxico
_bCasa Ordaz
_c1947
300 _ax, 242 p.
_bil.
_c31 cm.
500 _aCatálogo inventariado como libro por el Banco de México
500 _aX57
650 1 4 _aObras de arte
_vCatálogo
_zMéxico
_920330
650 1 4 _aObras de arte
_vColeccionistas y colecciones
_zMéxico
_920331
700 1 _aRomero Caballero, Antonio
_ecomp.
_920332
902 _aGFM
942 _2lcc
_cB
999 _c7826
_d7826